Lokalita je určujúcim faktorom pri cene bytu

Faktory ovplyvňujúce skutočnú cenu nehnuteľností. Lokalita ako určujúci faktor pri cene bytu. Vhodná vzdialenosť bývania je do 20 km od centra mesta. Reálna cena bytov na trhu. Staršie a nekvalitné byty sa predražiť nedajú. Prieskum trhu ako významný faktor pri novej výstavbe bytov.

Salvato in:
Dettagli Bibliografici
Autore principale: Zverková, Daniela
Natura: Capitolo di libro
Lingua:slovacco
Soggetti:
Tags: Aggiungi Tag
Nessun Tag, puoi essere il primo ad aggiungerne!!

MARC

LEADER 00000naa a2200000 4500
001 r026350
005 20230921081319.8
041 0 |a slo 
044 |a SK 
245 1 0 |a Lokalita je určujúcim faktorom pri cene bytu  |c D. Zverková 
520 |a Faktory ovplyvňujúce skutočnú cenu nehnuteľností. Lokalita ako určujúci faktor pri cene bytu. Vhodná vzdialenosť bývania je do 20 km od centra mesta. Reálna cena bytov na trhu. Staršie a nekvalitné byty sa predražiť nedajú. Prieskum trhu ako významný faktor pri novej výstavbe bytov. 
610 2 0 |a byty 
610 2 0 |a ceny 
610 2 0 |a nehnuteľnosti 
610 2 0 |a sídliská 
610 2 0 |a prieskum trhu 
610 2 0 |a mestá 
610 2 0 |a výstavba bytová 
100 1 |a Zverková, Daniela